|
|
|
|
| LEADER |
00000nas a2200000 a 4500 |
| 001 |
ssj0001573160 |
| 003 |
WaSeSS |
| 005 |
20200512172242.0 |
| 006 |
m d |
| 007 |
cr n |
| 008 |
091208c20049999xv uu p s | 0eng |
| 010 |
|
|
|a 2009215565
|
| 016 |
7 |
|
|a 990738043
|2 DE-101
|
| 016 |
7 |
|
|a 2456856-9
|2 DE-600
|
| 022 |
|
|
|l 1581-8918
|y 1581-8918
|
| 024 |
7 |
|
|a 99001402
|2 swets
|
| 035 |
|
|
|a (WaSeSS)ssj0001573160
|
| 040 |
|
|
|a DLC
|b eng
|c DLC
|d GBVCP
|d OCLCO
|d OCLCQ
|d OCLCA
|d OCLCF
|d OCLCO
|d CUS
|d OCLCO
|d AU@
|d OCLCO
|d OCLCA
|d WaSeSS
|
| 042 |
|
|
|a pcc
|
| 043 |
|
|
|a e-xv---
|
| 050 |
0 |
0 |
|a PE9
|b .E54
|
| 222 |
|
0 |
|a ELOPE
|b (Tiskana izd.)
|
| 245 |
0 |
0 |
|a ELOPE
|h [electronic resource].
|
| 246 |
1 |
3 |
|a English language overseas perspectives and enquiries
|
| 260 |
|
|
|a Ljubljana :
|b Slovensko društvo za angleške študije
|
| 310 |
|
|
|a Two no. a year
|
| 362 |
1 |
|
|a Began with vol. 1, no. 1/2, published in 2004.
|
| 500 |
|
|
|a Each issue has distinctive theme title.
|
| 506 |
|
|
|a License restrictions may limit access.
|
| 546 |
|
|
|a In English; table of contents also in Slovenian.
|
| 588 |
|
|
|a Description based on: Vol. 1, 1/2, published in 2004; title from title page.
|
| 588 |
|
|
|a Latest issue consulted: Vol. 4, 1/2, published in 2007.
|
| 650 |
|
0 |
|a English philology
|v Periodicals.
|
| 650 |
|
0 |
|a English philology
|x Study and teaching
|z Slovenia
|v Periodicals.
|
| 650 |
|
0 |
|a English language
|x Study and teaching
|x Foreign speakers
|v Periodicals.
|
| 650 |
|
7 |
|a English language
|x Study and teaching
|x Foreign speakers.
|2 fast
|0 (OCoLC)fst00911692
|
| 650 |
|
7 |
|a English philology.
|2 fast
|0 (OCoLC)fst00912245
|
| 650 |
|
7 |
|a English philology
|x Study and teaching.
|2 fast
|0 (OCoLC)fst00912262
|
| 650 |
|
7 |
|a English philology
|v Periodicals.
|
| 650 |
|
7 |
|a English philology
|x Study and teaching
|z Slovenia
|v Periodicals.
|
| 650 |
|
7 |
|a English language
|x Study and teaching
|x Foreign speakers
|v Periodicals.
|
| 651 |
|
7 |
|a Slovenia.
|2 fast
|0 (OCoLC)fst01212712
|
| 655 |
|
0 |
|a Electronic journals.
|
| 710 |
2 |
|
|a Slovensko društvo za angleške študije.
|
| 850 |
|
|
|a DLC
|
| 856 |
4 |
0 |
|z Full text available from Research Library: 01/01/2007 to present
|u https://search.proquest.com/publication/2042925
|